000 00254nam a22001217a 4500
003 SGT
082 _a616.07
_bS18B
100 _aBHARDWAJ, PRIYANKA
245 _aSTUDY OF HAEMATOLOGICAL
260 _aSGTU
_c2018
650 _aPATHOLOGY
942 _2ddc
_cTH
999 _c20529
_d20529